000 00620nam a2200241 a 4500
001 nice12345678
003 IN_TiNIC
005 20260116013614.0
008 050524s1994 newa grp 000 0 eng
020 _a812151X
_c200
082 0 0 _a294.3
_bCON
100 _aConze, Edward
245 _aBuddhism
_b Its Essence and Development
260 _aNew Delhi
_bMunshiram Manoharlal Publishers
_c1994
300 _a212p
500 _aincludes index and biblioraphy
505 2 _aBibliography, Index
650 _aBuddhism
700 1 _aConze, Edward
902 _bSRS
942 _cBK
999 _c11636
_d11636